000 00563nam a2200205Ia 4500
003 GCL
008 140319s9999 xx 000 0 eng d
040 _aGCL /
_cGCL
082 0 4 _aCC
_b378.155
_bM A
100 1 _aMURPHY, LAURENCE
245 1 0 _aThe American university in cairo: 1919- 1987 /
_cMURPHY, LAURENCE
260 _a[S.N] :
_bTHE AMERICAN UNIVERSITY IN CAIRO PRESS ،
_c1987
300 _a288
650 0 4 _aHIGHER EDUCATION
650 0 4 _aUNIVERSITIES
650 0 4 _aHISTORY
650 0 4 _aCAIRO
650 0 4 _aAMERICAN UNIVERSITY
942 _2ddc
_cBK
999 _c14197
_d14197